000
00315nam a22001457a 4500
008
221208b ||||| |||| 00| 0 eng d
020
_a
9780071454308
041
_a
eng
080
_a
32.1
082
_a
32.1FIS
100
_a
32
101
_a
JURE
245
_a
FORENSICS DEMYSTIFIED
_c
FISHER B
942
_2
udc
_c
BK
999
_c
59144
_d
59144